[Event "SVK-ch op-B"]
[Site "Banska Stiavnica"]
[Date "2012.07.10"]
[Round "4"]
[White "Mandak, Miroslav"]
[Black "Pis, Norbert"]
[Result "1/2-1/2"]
[WhiteElo "1976"]
[BlackElo "1892"]
[PlyCount "115"]
[EventDate "2012.07.07"]
[EventType "swiss"]
[EventRounds "9"]
[EventCountry "SVK"]
[SourceTitle "CBM 149 Extra"]
[Source "ChessBase"]
[SourceDate "2012.08.24"]
[SourceVersion "1"]
[SourceVersionDate "2012.08.24"]
[SourceQuality "1"]

1. e4 c5 2. Nf3 g6 3. c3 Bg7 4. d4 cxd4 5. cxd4 d5 6. exd5 Nf6 7. Nc3 Nxd5 8. Qb3 Nb6 9. Bb5+ Bd7 10. 0-0 0-0 11. Bf4 Be6 12. Qd1 a6 13. Be2 Nc6 14. Be3 Nd5 15. Ne4 Nxe3 16. fxe3 Bf5 17. Nc3 Bg4 18. h3 Bd7 19. a3 e6 20. Bc4 Ne7 21. Qe2 Nf5 22. Qf2 Qc7 23. Bd3 Ne7 24. Rac1 Qa5 25. Ne4 Nf5 26. g4 Ne7 27. Nfg5 f5 28. Nc5 fxg4 29. Qh4 h6 30. Ngxe6 Bxe6 31. Qxe7 Bf5 32. Bxf5 gxf5 33. Qe6+ Kh8 34. hxg4 fxg4 35. Rxf8+ Rxf8 36. Qxg4 Qd2 37. Rc3 Qxb2 38. Rd3 Qb1+ 39. Qd1 Qb2 40. Qd2 Qb6 41. Nd7 Qg6+ 42. Qg2 Qxd3 43. Nxf8 Qxe3+ 44. Kh1 Bxf8 45. Qxb7 Qxa3 46. Qc6 Qd6 47. Qa8 Kg7 48. Qg2+ Qg6 49. Qb7+ Kh8 50. Qa8 Kh7 51. Qxf8 Qe4+ 52. Kh2 Qxd4 53. Qf7+ Qg7 54. Qf5+ Qg6 55. Qd7+ Kg8 56. Qc8+ Kf7 57. Qb7+ Kg8 58. Qc8+ 1/2-1/2